000 00563nam a2200181Ia 4500
003 OSt
005 20260331102425.0
008 211028s2010 xx 000 0 und d
040 _cAIMIT LIBRARY
041 _aeng
082 _a658.3 GOVN
100 _aGoveas, Neil Clive;James, Justine.
_g816092
_96643
245 _aA study on the optimization of production process at rego and sons tile factory Mangalore /
260 _bJames, Justine
_c2010
600 _aHuman Resource Management
_96644
650 _aHuman Resource Management
_96645
942 _2ddc
_cPRO
999 _c218306
_d218306